000 00725nam a22002057a 4500
003 OSt
005 20251022031314.0
008 251022b |||||||| |||| 00| 0 eng d
020 _a978-007-1086-189
040 _aDWCL-Main lib
_cOC
082 _2 Third edition
_aFil. 519.4 C467a 2012
100 _aChapra, Steven C.
245 _aApplied Numerical Methods :
_bwith MATLAB for engineers and scientists/
_cSteven C. Chapra
250 _aThird edition
260 _aNew York:
_b McGraw Hill,
_cc2012.
300 _axvii, 653 pages :
_bcolor illustrations ;
_c23cm.
650 _a1. MATLAB-- textbook
650 _a2. Numerical analysis-- Data processing-- textbook.
942 _2ddc
_cBK - FIL
_eThird edition
_kFil.
_n0
999 _c5007
_d5007